| 000 | 00448nam a2200145 a 4500 | ||
|---|---|---|---|
| 008 | 120416s1961 ||||||||||||||||| || u | ||
| 050 | _aQA 155 Arc | ||
| 100 | _aArchbold, J.W | ||
| 245 | 1 | 0 | _aAlgebra |
| 250 | _a2nd.ed | ||
| 260 |
_aLondon _bPitman _c1961 |
||
| 300 | _axx, 479p. | ||
| 350 | _a0.00 | ||
| 995 |
_D0.00 _FCBU-MAIN LIBRARY (Kitwe) _H1 _I0.00 _M1 _UDAMAGED _ZMain Library Open Access Collection |
||
| 999 |
_c34061 _d34061 |
||